Best NFL Quarterbacks - Statistics

General Stats
  • This quiz has been taken 39 times
  • The average score is 4 of 6
Answer Stats
Ranking Answer % Correct
Worst QB in the league Josh Allen
91%
#1 Drake Maye
88%
#2 Matthew Stafford
82%
#3 Bo Nix
68%
#4 Caleb Williams
59%
#5 Dak Prescott
47%
No matching quizzes found
Score Distribution
Percent of People with Each Score
Percentile by Number Answered
Your Score History
You have not taken this quiz